[Event "45th FIDE Chess Olympiad Open"]
[Site "Budapest, Hungary"]
[Date "2024.09.12"]
[Round "2"]
[White "Abdel Wahab, Ahmad"]
[Black "Prakash, Prashil"]
[Result "1-0"]
[WhiteElo "1995"]
[BlackElo "1745"]
[PlyCount "63"]
[EventDate "2024.??.??"]
[WhiteTeam "Palestine"]
[BlackTeam "Fiji"]
[WhiteTeamCountry "PLE"]
[BlackTeamCountry "FIJ"]
[WhiteClock "0:21:49"]
[BlackClock "0:00:59"]

1. d4 d6 2. c4 Nf6 3. Nc3 g6 4. e4 c6 ({RR} 4... e5 5. Nf3 Bg4 6. dxe5 Bxf3 7. Qxf3 dxe5 8. Bg5 Be7 9. Rd1 Nfd7 10. Bh6 Bf8 11. Be3 Nc6 12. Qh3 Bg7 13. Bg5 Qc8 14. Bh6 Bxh6 15. Qxh6 Nd4 16. Qg7 Rf8 17. Qxh7 c6 18. Qh4 Qc7 19. Be2 {½-½ Chabanon,J (2480)-Grimberg,G (2275) FRA-ch Toulouse 1995 (12)}) 5. Be2 ({RR} 5. f3 Nbd7 6. Be3 Qa5 7. Nh3 a6 8. a4 Bg7 9. Nf2 O-O 10. Be2 Qc7 11. O-O b6 12. Qd2 Bb7 13. Rfe1 a5 14. Rab1 c5 15. d5 Rad8 16. Rf1 Ba6 17. Rbd1 Nb8 18. Bg5 Kh8 19. Kh1 Nbd7 {0-1 Biebinger,G (2263)-Pfitzer,N (2040) Rheinland Pfalz op Seniors 16th 2018 (3)}) 5... Qa5 6. Qc2 $146 ({RR} 6. Bd2 Bg7 7. b4 Qb6 8. Nf3 Nbd7 9. O-O e5 10. c5 dxc5 11. dxc5 Qxb4 12. Nd5 Qxc5 13. Bb4 cxd5 14. Bxc5 Nxc5 15. Nxe5 O-O 16. exd5 Nce4 17. Rc1 a5 18. Rc7 b6 19. d6 Be6 20. Bc4 Nc3 {1-0 Alves Do Nascimento,P (1691)-Barbalho,E (1622) Brasilia Almeida Vas Memorial 16th 2012 (2)}) 6... Bg7 7. Nf3 Nbd7 8. O-O O-O 9. Rd1 a6 10. a3 c5 11. dxc5 Qxc5 12. Be3 Qc7 13. Rac1 Ng4 14. Bg5 Nde5 15. Nd5 Qc5 16. Nxe7+ Kh8 17. Bh4 f5 18. b4 Qa7 19. exf5 Bxf5 20. Nxf5 Rxf5 21. Rxd6 Nxf3+ 22. Bxf3 Nxh2 23. Kxh2 Be5+ 24. Bg3 Bxd6 25. Bxd6 Qd4 26. Rd1 Qh4+ 27. Kg1 Re8 28. Qc3+ Qf6 29. Qxf6+ Rxf6 30. Bxb7 Rd8 31. c5 Re6 32. Be5+ 1-0

[Event "45th FIDE Chess Olympiad Open"]
[Site "Budapest, Hungary"]
[Date "2024.09.12"]
[Round "2"]
[White "Mesfin, Leykun"]
[Black "Khalema, Sechaba"]
[Result "1-0"]
[WhiteElo "2118"]
[BlackElo "1779"]
[PlyCount "63"]
[EventDate "2024.??.??"]
[WhiteTeam "Ethiopia"]
[BlackTeam "Lesotho"]
[WhiteTeamCountry "ETH"]
[BlackTeamCountry "LES"]
[WhiteClock "0:27:33"]
[BlackClock "0:51:13"]

1. e4 {ChessBase II} e5 2. Nf3 Nc6 3. Bb5 a6 4. Ba4 Nf6 5. d3 d6 6. c3 Be7 7. O-O O-O 8. Re1 Nd7 9. d4 ({RR} 9. Bc2 Bf6 10. a4 b6 11. d4 g6 12. Bb3 Bb7 13. Bd5 Rb8 14. Bh6 Bg7 15. Bxg7 Kxg7 16. Nbd2 Re8 17. Bxc6 Bxc6 18. d5 Bb7 19. a5 b5 20. c4 c6 21. cxb5 axb5 22. dxc6 Bxc6 23. b4 Nf6 {½-½ Sutovsky,E (2687)-Sasikiran,K (2707) Amsterdam ACP Golden Classic 2012 (4)}) 9... exd4 10. cxd4 b5 $146 ({RR} 10... Nb6 11. Bxc6 bxc6 12. Qc2 Bd7 13. Nc3 a5 14. h3 a4 15. Be3 Re8 16. Rad1 Qc8 17. Ne2 Bf8 18. Ng3 d5 19. e5 h6 20. Bc1 Ra5 21. Nh4 c5 22. Bxh6 cxd4 23. Nh5 Nc4 24. Qd3 Nxe5 25. Qg3 {1-0 Ramirez Alvarez,A (2549)-Buhmann,R (2625) Moscow Aeroflot op-A 16th 2017 (8)}) ({RR} 10... Nb6 11. Bxc6 bxc6 12. Qc2 Qe8 13. Bg5 f6 14. Bh4 Bd7 15. Nbd2 Qf7 16. b3 a5 17. a4 Rfe8 18. Nf1 g5 19. Bg3 f5 20. exf5 Qxf5 21. Qd1 Nd5 22. Ne3 Nxe3 23. fxe3 g4 24. e4 Qg6 25. Nd2 {½-½ Seo,J (2478)-Lutsko,A (2414) Northumbria Masters Open 2024 (6.1)}) ({RR} 10... Nb6 11. Bb3 Bg4 12. Nc3 Kh8 ({RR} 12... Bf6 13. Be3 g6 14. Qd3 Bxf3 15. gxf3 Bg7 16. Rad1 Kh8 17. f4 Qh4 18. Qe2 Ne7 19. Kh1 d5 20. e5 c6 21. Rg1 f6 22. Bc2 Rae8 23. Rg3 fxe5 24. fxe5 Nf5 25. Kg2 Nc4 26. Rh3 Qe7 27. Bc1) 13. Be3 f5 14. exf5 Bf6 15. Ne4 Bxf3 16. Qxf3 Nxd4 17. Bxd4 Bxd4 18. Rad1 c5 19. Qh5 h6 20. Qg6 d5 21. f6 Qc7 22. Ng5 gxf6 23. Qxh6+ Kg8 24. Ne6 {1-0 Ragger,M (2697)-Hansen,E (2603) Tata Steel-B 79th 2017 (3)}) ({RR} 10... Nb6 11. Bb3 Bg4 12. Be3 Bf6 13. Nc3 Re8 14. h3 Bd7 15. Bc2 g6 16. a3 a5 17. b3 a4 18. bxa4 Ra5 19. Nb5 Nc4 20. Bc1 Na7 21. Nxa7 Rxa7 22. Rb1 Nb6 23. e5 Be7 24. d5 Bxa4 25. Bxa4 {1-0 Twesigye,D (2023)-Robichaud,L (2075) Canadian op U2400 2014 (4)}) 11. Bc2 Nb4 12. Bb3 c5 13. a3 Nc6 14. Nc3 Nb6 15. d5 Na5 16. Bc2 Bg4 17. h3 Bxf3 18. Qxf3 Bf6 19. Qd3 g6 20. Bh6 Re8 21. f4 Nac4 22. b3 Nxa3 23. e5 Nxc2 24. Qxc2 dxe5 25. Ne4 Nd7 26. Rad1 exf4 27. Bxf4 Bd4+ 28. Kh1 a5 29. Bg5 Qb6 30. Rxd4 cxd4 31. Qc6 Rxe4 32. Qxa8+ 1-0

[Event "45th FIDE Chess Olympiad Open"]
[Site "Budapest, Hungary"]
[Date "2024.09.12"]
[Round "2"]
[White "Thabang, Mphane"]
[Black "Birhanu, Tegegn Mehadem"]
[Result "0-1"]
[WhiteElo "1799"]
[BlackElo "2077"]
[PlyCount "78"]
[EventDate "2024.??.??"]
[WhiteTeam "Lesotho"]
[BlackTeam "Ethiopia"]
[WhiteTeamCountry "LES"]
[BlackTeamCountry "ETH"]
[WhiteClock "0:48:03"]
[BlackClock "0:20:52"]

1. Nf3 Nf6 2. c4 e6 3. g3 d5 4. Bg2 c6 5. O-O dxc4 6. Ne5 ({RR} 6. a4 Qd5 7. Qc2 e5 8. Ng5 Qc5 9. Na3 h6 10. Ne4 Nxe4 11. Qxe4 Be6 12. Nb5 Na6 13. b4 Qd5 14. Qe3 Qd7 15. Na3 Bxb4 16. Qxe5 O-O 17. Bb2 f6 18. Qe4 Nc5 19. Qh4 Qxd2 20. Nxc4 Qxe2 {0-1 Leer Salvesen,B (2370)-Nakamura,H (2786) EU-Cup 28th Eilat 2012 (4.1)}) ({RR} 6. b3 cxb3 7. Qxb3 Be7 8. d4 O-O 9. a4 b6 10. Ne5 Bb7 11. Bb2 Nd5 12. Nc3 c5 13. dxc5 Bxc5 14. Rad1 Na6 15. e4 Nxc3 16. Rxd8 Ne2+ 17. Kh1 Raxd8 18. Rd1 Nb4 19. Rxd8 Rxd8 20. Nxf7 Kxf7 {1-0 Ahmad,K (2401)-Kheerthi,G (1987) Titled Tue 25th Jun Early 2024 (10)}) 6... Qd4 7. Nf3 Qc5 8. a4 $146 ({RR} 8. b3 cxb3 9. axb3 Qb6 10. Na3 Be7 11. Nc4 Qd8 12. Ba3 Bxa3 13. Rxa3 O-O 14. Qa1 a6 15. d4 Nbd7 16. Re1 Ne4 17. Rd1 Ndf6 18. Nfe5 Nd6 {½-½ Appleberry,M (2250)-Hauroo,H (2122) Paris Apsap op 75th 2004 (5)}) 8... Be7 9. Qc2 e5 10. Nc3 O-O 11. Ne4 Nxe4 12. Qxe4 Bf6 13. e3 Be6 14. b3 Qd5 15. Qc2 cxb3 16. Qb1 Qd7 17. Bb2 Qc7 18. d3 Nd7 19. Ba3 Rfe8 20. Nd2 Qb6 21. Rc1 Be7 22. Nc4 Bxc4 23. Rxc4 Rad8 24. Qb2 Bxa3 25. Qxa3 Nf6 26. Rb4 Qc7 27. Qxb3 Re7 28. Rb1 b6 29. Rc1 Re6 30. a5 c5 31. Rb5 Red6 32. Rcxc5 bxc5 33. Rb7 c4 34. dxc4 Qxa5 35. c5 R6d7 36. c6 Rc7 37. Qd3 Rxb7 38. cxb7 Rxd3 39. b8=Q+ Rd8 0-1

[Event "45th FIDE Chess Olympiad Open"]
[Site "Budapest, Hungary"]
[Date "2024.09.12"]
[Round "2"]
[White "Tsige, Addisalem Temesgen"]
[Black "Tsephe, Lebajoa"]
[Result "1/2-1/2"]
[WhiteElo "2068"]
[BlackElo "1900"]
[PlyCount "102"]
[EventDate "2024.??.??"]
[WhiteTeam "Ethiopia"]
[BlackTeam "Lesotho"]
[WhiteTeamCountry "ETH"]
[BlackTeamCountry "LES"]
[WhiteClock "0:51:51"]
[BlackClock "0:28:02"]

1. d4 d5 2. Bf4 e6 3. e3 Bd6 4. Bxd6 Qxd6 5. Qg4 Kf8 6. Nc3 Nf6 ({RR} 6... a6 7. O-O-O Nf6 8. Qh4 Nbd7 9. g4 b5 10. g5 Ne8 11. Qg3 Bb7 12. Nf3 c5 13. Kb1 Rc8 14. h4 Qxg3 15. fxg3 Nd6 16. Bg2 Nf5 17. Rde1 Nxg3 18. Rhg1 Nf5 19. Bh3 g6 20. Bxf5 gxf5 21. Ne2 {0-1 Cuenca Jimenez,J (2500)-Fichter,F (2303) Titled Tue 23rd Apr Early 2024 (3)}) 7. Qh4 a6 ({RR} 7... c5 8. Nf3 Nc6 9. Bb5 Bd7 10. Bxc6 Bxc6 11. O-O {½-½ Hug,W (2475)-Jussupow,A (2597) SUI-chT Switzerland 2013 (2.2)}) 8. Nf3 Nbd7 9. O-O-O $146 ({RR} 9. Bd3 b6 10. O-O Bb7 11. Rad1 Qb4 12. Rb1 c5 13. dxc5 bxc5 14. Qxb4 cxb4 15. Ne2 Ke7 16. Ng3 Bc6 17. Rfe1 Bb5 18. e4 dxe4 19. Nxe4 Bxd3 20. cxd3 Nd5 21. Nd4 Rac8 22. Rbc1 Nb8 23. g3 h6 {1-0 Phadke,S (2233)-Comsa,C (1893) Titled Arena May 8th blitz 2021}) 9... b5 10. e4 dxe4 11. Nxe4 Qe7 12. Ne5 Bb7 13. Ng5 Nxe5 14. dxe5 Nd5 15. Nxh7+ Kg8 16. Qxe7 Nxe7 17. Rd7 Nd5 18. Ng5 Rf8 19. c4 Bc6 20. Rxf7 Rxf7 21. Nxf7 Kxf7 22. cxd5 Bxd5 23. a3 Rh5 24. Kd2 Rxe5 25. f3 Ke7 26. Be2 Bb3 27. h4 c5 28. h5 Bd5 29. g4 Bc6 30. Rh2 Rd5+ 31. Ke3 e5 32. Bd3 Rd6 33. Be4 Be8 34. g5 Bf7 35. h6 gxh6 36. gxh6 Rd8 37. h7 Rh8 38. Rh6 Be6 39. Rh2 c4 40. Rg2 Kf6 41. Kd2 a5 42. Ke3 b4 43. f4 exf4+ 44. Kxf4 c3 45. axb4 axb4 46. bxc3 bxc3 47. Rc2 Bg8 48. Rxc3 Bxh7 49. Rc6+ Kg7 50. Rc7+ Kh6 51. Rc6+ Kg7 1/2-1/2

[Event "45th FIDE Chess Olympiad Open"]
[Site "Budapest, Hungary"]
[Date "2024.09.12"]
[Round "2"]
[White "Motlomelo, Lihloela"]
[Black "Kebede, Yoseph Kifle"]
[Result "1-0"]
[WhiteElo "1696"]
[BlackElo "2037"]
[PlyCount "118"]
[EventDate "2024.??.??"]
[WhiteTeam "Lesotho"]
[BlackTeam "Ethiopia"]
[WhiteTeamCountry "LES"]
[BlackTeamCountry "ETH"]
[WhiteClock "0:14:59"]
[BlackClock "0:51:20"]

1. e4 c5 2. Nf3 e6 3. d4 cxd4 4. Nxd4 Nc6 5. Nc3 Qc7 6. Be3 a6 7. Be2 b5 8. O-O Bb7 9. f4 Na5 ({RR} 9... Bc5 10. Bf3 d6 11. Kh1 Qb6 12. Nce2 Nf6 13. c3 O-O 14. b4 Bxd4 15. cxd4 d5 16. e5 Ne4 17. Bxe4 dxe4 18. Qd2 Qd8 19. f5 exf5 20. Ng3 g6 21. Rad1 Qd5 22. Rc1 Rad8 23. Rc5 Qd7 24. Ne2 {0-1 Shabalov,A (2570)-Rohde,M (2540) World op 24th 1996}) 10. e5 ({RR} 10. Nb3 Nc4 11. Bd4 Nf6 12. e5 Nd5 13. Nxd5 Bxd5 14. a4 b4 15. a5 Be7 16. Bd3 g6 17. Qe2 O-O 18. Rfc1 Rac8 19. c3 Qb8 20. Nd2 Nxb2 21. Bxa6 bxc3 22. Rxc3 Qb4 23. Rxc8 Rxc8 24. Bxc8 Qxd4+ {0-1 Petrakis,S (2036)-Alexakis,D (2484) Chania Theodorakis Memorial 1st 2022 (5)}) 10... Nc4 11. Bxc4 Qxc4 $146 ({RR} 11... bxc4 12. Qe2 f5 13. Rad1 Nh6 14. Nf3 Bb4 15. Na4 Ba5 16. Rd4 Bd5 17. Rxd5 exd5 18. Bc5 Qb7 19. Nd4 Kf7 20. Qh5+ Kg8 21. Rf3 d6 22. Bxd6 Qf7 23. Qxh6 gxh6 24. Rg3+ Qg6 25. Nxf5 Kf7 26. Rxg6 {1-0 Roman,F (2310)-Giardelli,S (2475) Buenos Aires GP1 1994 (5)}) 12. Qd3 Rc8 13. Rad1 Ne7 14. Qd2 Nd5 15. Nxd5 Bxd5 16. b3 Qc3 17. Qf2 g6 18. f5 exf5 19. Nxf5 Qxc2 20. Rxd5 Qxf2+ 21. Rxf2 gxf5 22. Rxf5 Rc2 23. Rf2 Rxf2 24. Kxf2 Rg8 25. Kf3 Rg6 26. g4 Rc6 27. Rd1 Ba3 28. Ke4 Rc2 29. Rd2 Rc3 30. Re2 Be7 31. Bd4 Rc1 32. Be3 Rc3 33. Bd4 Rc1 34. Be3 Rf1 35. Rc2 f6 36. Rf2 Rxf2 37. Bxf2 Kf7 38. exf6 Bxf6 39. Kd5 Be7 40. Bc5 Bd8 41. Bd6 Kg6 42. Bg3 Be7 43. h4 Kf7 44. h5 Bb4 45. Bf4 Kf6 46. Be3 Be7 47. g5+ Kf5 48. g6 hxg6 49. h6 Bf6 50. h7 g5 51. Bd4 Kg6 52. Bxf6 Kxh7 53. Bxg5 Kg6 54. Bd2 Kf5 55. Kd6 Ke4 56. Kxd7 Kd3 57. Ba5 Kc2 58. Kc6 Kb2 59. b4 Kxa2 1-0

[Event "45th FIDE Chess Olympiad Open"]
[Site "Budapest, Hungary"]
[Date "2024.09.12"]
[Round "2"]
[White "Mathurin, Nathaniel"]
[Black "Ferster, Fabian"]
[Result "1/2-1/2"]
[WhiteElo "1982"]
[BlackElo "2184"]
[PlyCount "76"]
[EventDate "2024.??.??"]
[WhiteTeam "Saint Lucia"]
[BlackTeam "Liechtenstein"]
[BlackTeamCountry "LIE"]
[WhiteClock "0:50:47"]
[BlackClock "0:24:57"]

1. d4 Nf6 2. Nf3 g6 3. c4 Bg7 4. Nc3 d5 5. h3 O-O 6. cxd5 Nxd5 7. e4 Nxc3 8. bxc3 c5 9. Be2 Nc6 10. Be3 cxd4 11. cxd4 Qa5+ 12. Bd2 Qa3 13. d5 Ne5 14. Nxe5 Bxe5 15. O-O Bd7 16. Rb1 Ba4 17. Qc1 Qxa2 18. Bc4 Qc2 19. Qxc2 Bxc2 20. Rxb7 Rfc8 $146 ({RR} 20... Bd6 21. Re1 Rfb8 22. Rxb8+ Rxb8 23. e5 Bb4 24. Bxb4 Rxb4 25. Ba2 Rd4 26. Rc1 Rd1+ 27. Rxd1 Bxd1 28. Kf1 Kf8 29. Ke1 Ba4 30. Kd2 f6 31. f4 Ke8 32. Kc3 Kd7 33. Kb4 Bc2 34. Bc4 h6 35. Kb5 {½-½ Zimmerman,Y (2386)-Gara,T (2322) Budapest Spring op 17th 2001 (8)}) 21. Ba6 Bd6 22. Re1 Rcb8 23. e5 Ba3 24. Re3 Rxb7 25. Bxb7 Rb8 26. Bc6 Rb3 27. Rxb3 Bxb3 28. Bf4 f6 29. d6 exd6 30. exd6 Bb4 31. Bb5 Kf7 32. d7 Ba5 33. Be3 a6 34. Bxa6 Ba4 35. Bc8 Bd8 36. Bd4 Ke6 37. Bb6 Bxd7 38. Bxd8 Bxc8 1/2-1/2

[Event "45th FIDE Chess Olympiad Open"]
[Site "Budapest, Hungary"]
[Date "2024.09.12"]
[Round "2"]
[White "Heron, Andrew"]
[Black "Gabriel, Sixtus"]
[Result "1-0"]
[WhiteElo "2026"]
[BlackElo "1800"]
[PlyCount "111"]
[EventDate "2024.??.??"]
[WhiteTeam "Liechtenstein"]
[BlackTeam "Saint Lucia"]
[WhiteTeamCountry "LIE"]
[WhiteClock "0:08:55"]
[BlackClock "0:09:55"]

1. e4 c6 2. Nf3 d5 3. Nc3 dxe4 4. Nxe4 Bf5 5. Ng3 Bg6 6. d4 e6 7. c3 Nf6 ({RR} 7... Bd6 8. Bd3 Nf6 9. Bg5 Nbd7 10. O-O Qc7 11. Re1 O-O-O 12. Ne4 Bxe4 13. Bxe4 h6 14. Bh4 g5 15. Bg3 g4 16. Nd2 Bxg3 17. fxg3 h5 18. Qe2 Rh6 19. Qf2 Rdh8 20. Qf4 h4 21. Qxc7+ Kxc7 22. Nf1 {0-1 Hernandez,G (2267)-Sariego Figueredo,W (2387) CUB-ch sf Cuba 2000}) 8. Qb3 $146 ({RR} 8. Bd3 Bxd3 9. Qxd3 Nbd7 10. O-O Be7 11. Bg5 O-O 12. Rfe1 h6 13. Bxf6 Nxf6 14. Ne5 Qc7 15. Ne4 Rad8 16. Nxf6+ Bxf6 17. Qg3 Bxe5 18. Qxe5 Rd7 19. Qxc7 Rxc7 20. Re5 Rd8 21. Rae1 Kf8 22. f4 Rd6 {½-½ Sietio,J-Viinamaki,M Tampere op 2000 (2)}) ({RR} 8. Bd3 Bd6 9. O-O Nbd7 10. Re1 Qc7 11. c4 Bb4 12. Re2 Rd8 13. Bg5 Be7 14. Bxg6 hxg6 15. Qc2 O-O 16. a3 a5 17. Rae1 Rfe8 18. Nf1 Kf8 19. Ne3 Nh5 20. Bxe7+ Rxe7 21. Ng4 Nhf6 22. Nge5 c5 {1-0 Kowalski,W (1654)-Kania,T (1691) 270th YMCA Winter B 2023 (5)}) ({RR} 8. Bc4 Nbd7 9. Qe2 Bd6 10. Nh4 Nb6 11. Nxg6 hxg6 12. Bb3 Nbd5 13. c4 Nf4 14. Bxf4 Bxf4 15. Qd3 Qa5+ 16. Qc3 Qxc3+ 17. bxc3 Bxg3 18. fxg3 Ne4 19. Ke2 a5 20. Bc2 Nd6 21. c5 Nb5 22. Kd3 O-O-O {0-1 Li,X (1400)-Qiu,M (2199) CHN-chT (Women) 2019 (3.6)}) ({RR} 8. Bf4 Bd6 9. Bxd6 Qxd6 10. Ne5 Nbd7 11. Nxg6 hxg6 12. Bd3 Nb6 13. h3 Nbd5 14. Ne4 Nxe4 15. Bxe4 O-O-O 16. Qf3 Qf4 17. Bxd5 Qxf3 18. Bxf3 Rde8 19. Kd2 e5 20. dxe5 Rxe5 21. Rhe1 Rhe8 22. Rxe5 Rxe5 {1-0 Sinkovic,M-Hlavac,I CRO-chT2 Medulin 1997}) 8... b6 9. Ne5 Bd6 10. Bg5 Qc7 11. Bxf6 gxf6 12. Nc4 h5 13. Nxd6+ Qxd6 14. h4 Nd7 15. Be2 f5 16. Bf3 Nf6 17. Ne2 f4 18. Qd1 O-O-O 19. Qc1 Nd5 20. Bxd5 exd5 21. Qxf4 Rhe8 22. Qxd6 Rxd6 23. Kd2 Rf6 24. Raf1 Kd7 25. f3 c5 26. Rf2 Kd6 27. Re1 a5 28. Rff1 a4 29. a3 Kc6 30. g3 Kb5 31. dxc5 Kxc5 32. Nd4 Rxe1 33. Rxe1 Kd6 34. Re8 Bf5 35. Rh8 Bg6 36. Rd8+ Ke7 37. Rxd5 Bb1 38. Rxh5 Ba2 39. Rh6 Bc4 40. Rxf6 Kxf6 41. Ke3 Ke5 42. g4 Ba6 43. h5 Kf6 44. Kf4 Bd3 45. g5+ Kg7 46. Nf5+ Kh7 47. Ke5 b5 48. Kf6 Kg8 49. Nh6+ Kf8 50. Nxf7 b4 51. cxb4 Bc4 52. h6 Kg8 53. g6 Bxf7 54. h7+ Kh8 55. g7+ Kxh7 56. Kxf7 1-0

[Event "45th FIDE Chess Olympiad Open"]
[Site "Budapest, Hungary"]
[Date "2024.09.12"]
[Round "2"]
[White "James, Justin"]
[Black "Frick, Renato"]
[Result "1-0"]
[WhiteElo "1745"]
[BlackElo "1925"]
[PlyCount "81"]
[EventDate "2024.??.??"]
[WhiteTeam "Saint Lucia"]
[BlackTeam "Liechtenstein"]
[BlackTeamCountry "LIE"]
[WhiteClock "0:02:38"]
[BlackClock "0:01:50"]

1. e4 e5 2. Nf3 Nc6 3. Bb5 a6 4. Ba4 Nf6 5. O-O Nxe4 6. d4 b5 7. Bb3 d5 8. dxe5 Be6 9. c3 Be7 10. Be3 g5 11. Nd4 Nxe5 $146 ({RR} 11... Nxd4 12. cxd4 g4 13. Nd2 Nxd2 14. Qxd2 h5 15. Rac1 Qd7 16. a3 h4 17. Bg5 O-O-O 18. Bxe7 Qxe7 19. Rc6 Kb7 20. Rfc1 Ra8 21. Qa5 Rhc8 22. Bd1 Qd7 23. Qc3 Ra7 24. Be2 Qd8 25. a4 Bd7 26. axb5 {0-1 Glissan,P (1767)-Tan,K (2252) Australian op 2009 (10)}) 12. Nxe6 fxe6 13. f4 gxf4 14. Bd4 Bc5 15. Nd2 Bxd4+ 16. cxd4 Nxd2 17. Qxd2 Ng6 18. Qe2 Qf6 19. Kh1 Kd7 20. Qd3 c6 21. Rac1 Rac8 22. Qc3 Qd8 23. Bd1 a5 24. Qc5 Qc7 25. Bg4 Rhf8 26. Rce1 Rce8 27. Re2 Rf6 28. Rfe1 Nf8 29. Re5 Kc8 30. Qc2 Kb7 31. Qd3 Qd6 32. a3 Kb6 33. h3 Re7 34. Qc3 Nd7 35. R5e2 c5 36. dxc5+ Qxc5 37. Qd2 Nf8 38. b4 axb4 39. axb4 Qd6 40. Qd4+ Kb7 41. Qxf6 1-0

[Event "45th FIDE Chess Olympiad Open"]
[Site "Budapest, Hungary"]
[Date "2024.09.12"]
[Round "2"]
[White "Schadler, Martin"]
[Black "Elizee, Kaieem"]
[Result "1/2-1/2"]
[WhiteElo "1891"]
[BlackElo "1701"]
[PlyCount "46"]
[EventDate "2024.??.??"]
[WhiteTeam "Liechtenstein"]
[BlackTeam "Saint Lucia"]
[WhiteTeamCountry "LIE"]
[WhiteClock "0:18:15"]
[BlackClock "0:31:10"]

1. d4 Nf6 2. c4 e6 3. Nc3 d5 4. Nf3 Nbd7 5. g3 Be7 6. Bg2 O-O 7. O-O c6 8. Qc2 b6 9. e4 dxe4 10. Nd2 Bb7 11. Ndxe4 Nxe4 12. Nxe4 Nf6 13. Be3 Nxe4 $146 ({RR} 13... Ng4 14. Bf4 f5 15. Qe2 g5 16. Bd2 c5 17. Nc3 Bxg2 18. Qxe6+ Kh8 19. Kxg2 Rf6 20. Qe2 Rg6 21. Nd5 Bd6 22. Bc3 Kg8 23. h3 Nh6 24. dxc5 bxc5 25. Rad1 Qf8 26. Rfe1 g4 27. Ne7+ Bxe7 28. Qxe7 {1-0 Schon,E (2107)-Chan,M (1840) AUS-ch U18 Sandy Bay 2010 (8)}) 14. Bxe4 g6 15. Rad1 Qc7 16. c5 Bf6 17. Bf4 Qd7 18. b4 Rfd8 19. Bd6 Be7 20. Bf4 Bf6 21. Bd6 Be7 22. Bf4 Bf6 23. Bd6 Be7 1/2-1/2

[Event "45th FIDE Chess Olympiad Open"]
[Site "Budapest, Hungary"]
[Date "2024.09.12"]
[Round "2"]
[White "Rodriguez Santiago, Jaime"]
[Black "Kamara, Ansumana"]
[Result "1-0"]
[WhiteElo "2002"]
[BlackElo "1876"]
[PlyCount "105"]
[EventDate "2024.??.??"]
[WhiteTeam "Puerto Rico"]
[BlackTeam "Sierra Leone"]
[WhiteTeamCountry "PUR"]
[BlackTeamCountry "SIE"]
[WhiteClock "1:14:22"]
[BlackClock "0:16:26"]

1. d4 Nf6 2. c4 g6 3. Nc3 Bg7 4. e4 d6 5. Nf3 O-O 6. Be2 Nc6 7. Be3 e5 8. d5 Ne7 9. Nd2 Nd7 10. Qc2 a6 11. b4 b6 12. Nb3 f5 13. f3 f4 14. Bf2 a5 $146 ({RR} 14... g5 15. c5 Ng6 16. c6 Nf6 17. O-O-O g4 18. a4 h5 19. Nd2 Rf7 20. Nc4 Bh6 21. Kb2 Rb8 22. b5 a5 23. Na2 Ne8 24. Nc1 Nh4 25. Rhg1 Rg7 26. Nb3 Ra8 27. Qd3 Ng6 28. Qc3 g3 29. hxg3 {1-0 Grossmann,R (2150)-Rostolis,R (1870) Wroclaw op 9th 2014 (8)}) 15. bxa5 bxa5 16. a4 c5 17. dxc6 Nxc6 18. Rd1 Qg5 19. Kf1 Nd4 20. Nxd4 exd4 21. Bxd4 Ne5 22. Nb5 Rd8 23. Bb6 Rd7 24. Nxd6 Ba6 25. c5 Qe7 26. Qd2 Nf7 27. Qd5 Bb7 28. Qb3 Ba6 29. Bxa6 Rxa6 30. Nxf7 Rxd1+ 31. Qxd1 Qxf7 32. Qd5 Kf8 33. Qxf7+ Kxf7 34. Ke2 Ra8 35. Rd1 Bf8 36. Rd5 Rc8 37. Kd3 Kf6 38. Kc4 Be7 39. Bxa5 g5 40. Bb6 h5 41. a5 Ke6 42. a6 Bf6 43. a7 Ra8 44. Kb5 g4 45. Kc6 Rh8 46. Ba5 h4 47. Rd6+ Ke7 48. Rxf6 h3 49. gxh3 g3 50. hxg3 fxg3 51. Rg6 Rc8+ 52. Kb7 Rxc5 53. a8=Q 1-0

[Event "45th FIDE Chess Olympiad Open"]
[Site "Budapest, Hungary"]
[Date "2024.09.12"]
[Round "2"]
[White "Winston Gerald, Mansfield Thomas"]
[Black "Zilleruelo Irizarry, Diego"]
[Result "1/2-1/2"]
[WhiteElo "1950"]
[BlackElo "2041"]
[PlyCount "99"]
[EventDate "2024.??.??"]
[WhiteTeam "Sierra Leone"]
[BlackTeam "Puerto Rico"]
[WhiteTeamCountry "SIE"]
[BlackTeamCountry "PUR"]
[WhiteClock "0:44:44"]
[BlackClock "0:16:37"]

1. d4 d5 2. c4 e6 3. Nf3 a6 4. e3 Nf6 5. a3 dxc4 6. Bxc4 b5 7. Bd3 ({RR} 7. Be2 Bb7 8. O-O Nbd7 9. b4 Nb6 10. Nbd2 Bd6 11. Bb2 O-O 12. Rc1 Ne4 13. Nxe4 Bxe4 14. Nd2 Bd5 15. e4 Bb7 16. Bd3 f5 17. Qe2 Bf4 18. d5 exd5 19. exf5 Nc4 20. Nxc4 Bxc1 21. Na5 Bxb2 {½-½ Argiroudis,S (2263)-Hartofylakas,S (2117) 5th Thessaloniki Int 2024 (4.7)}) 7... c5 8. dxc5 Bxc5 9. b4 Bb6 $146 ({RR} 9... Be7 10. Qe2 Bb7 11. O-O Nbd7 12. Rd1 Qb8 13. Bb2 O-O {½-½ Dobosz,H (2368)-Ninov,N (2466) Deizisau op 8th 2013 (5)}) 10. O-O Bb7 11. Be2 Nbd7 12. Bb2 Qe7 13. Nbd2 O-O 14. Nb3 Rfd8 15. Qe1 Bd5 16. Nbd2 Rac8 17. Rc1 Ne4 18. Nxe4 Bxe4 19. Nd2 Bc2 20. Nf3 Nf6 21. Nd4 Be4 22. h3 Qd6 23. Nf3 Nd5 24. Be5 Qe7 25. Qd2 Nc3 26. Bd4 Bxd4 27. exd4 Nxe2+ 28. Qxe2 Rxc1 29. Rxc1 Qb7 30. Qe3 Bxf3 31. gxf3 h6 32. Qf4 Qd5 33. Rc7 Rd7 34. Rxd7 Qxd7 35. Qb8+ Kh7 36. Qb6 Qc8 37. Kg2 Kg6 38. d5 Qc1 39. h4 Qc4 40. d6 Qxh4 41. Qc7 Qg5+ 42. Kf1 Qf4 43. Qc2+ Kf6 44. Qc7 Qxf3 45. d7 Qd1+ 46. Kg2 Qg4+ 47. Kf1 Qd1+ 48. Kg2 Qg4+ 49. Kf1 Qd1+ 50. Kg2 1/2-1/2

[Event "45th FIDE Chess Olympiad Open"]
[Site "Budapest, Hungary"]
[Date "2024.09.12"]
[Round "2"]
[White "Boggiano Pereira, Miguel A."]
[Black "Adeshole Beckley, Brian"]
[Result "1-0"]
[WhiteElo "2015"]
[BlackElo "1814"]
[PlyCount "113"]
[EventDate "2024.??.??"]
[WhiteTeam "Puerto Rico"]
[BlackTeam "Sierra Leone"]
[WhiteTeamCountry "PUR"]
[BlackTeamCountry "SIE"]
[WhiteClock "0:27:54"]
[BlackClock "1:07:33"]

1. d4 e6 2. c4 d5 3. Nf3 c5 4. cxd5 exd5 5. g3 Nc6 6. Bg2 Nf6 7. O-O Be7 8. dxc5 Bxc5 9. a3 a5 10. Bg5 ({RR} 10. b3 O-O 11. Nc3 d4 12. Nb5 Qb6 13. a4 Be6 14. Bb2 Rfd8 15. Nd2 Nb4 16. Rc1 Rac8 17. Nc4 Bxc4 18. Rxc4 d3 19. e3 Be7 20. Qf3 Rxc4 21. bxc4 Nd7 22. Bd4 Nc5 23. Nc3 Qe6 24. Nd5 Nxd5 {1-0 Tabatabaei,M (2645)-Moroni,L (2581) Sharjah Masters 5th 2022 (3)}) 10... Be6 11. Nc3 ({RR} 11. Qc2 Be7 12. Nc3 O-O 13. Rfd1 Qd7 14. Na4 Rae8 15. Nc5 Bxc5 16. Qxc5 Ne4 17. Qc2 Rc8 18. Qd3 h6 19. Bf4 Rfd8 20. Rac1 Bf5 21. Qb3 Nf6 22. Ne5 Qe6 23. Nxc6 bxc6 24. Qe3 c5 25. Qxe6 fxe6 {0-1 Cilia Vincenti,D (1945)-Renjith,S (2257) 131st ch-NZL Open 2024 (8.4)}) 11... Be7 12. Qa4 $146 ({RR} 12. Qb3 Qc8 13. Na4 Ra6 14. Rac1 O-O 15. Ne5 Qb8 16. Nxc6 bxc6 17. Qd3 Qb5 18. Qxb5 cxb5 19. Nc5 Rc6 20. Nxe6 Rxe6 21. Rc2 Ne4 22. Bxe7 Rxe7 23. Rd1 Re5 24. f4 Rf5 25. Bxe4 dxe4 26. Rd4 g6 {1-0 De Bona,G (1976)-Mesquita,G (1896) BRA-ch Amateur U2000 2019 (4)}) ({RR} 12. Rc1 O-O 13. Na4 Ne4 14. Bxe7 Qxe7 15. Nd4 Ne5 16. Nxe6 Qxe6 17. Qd4 f5 18. Nc5 Qd6 19. Nxb7 Qe6 20. Nc5 Qd6 21. Nxe4 fxe4 22. Bxe4 Rad8 23. Rfd1 Qf6 24. Bg2 h5 25. Rc5 h4 26. Rxd5 hxg3 {1-0 Kubo,T (1983)-Diehlmann,C (1929) Muensterland Regionalliga 1819 2018 (6.4)}) ({RR} 12. Nd4 O-O 13. Nxe6 fxe6 14. Qb3 Qd7 15. Rad1 h6 16. Bc1 Nh7 17. Bh3 Qd6 18. e4 Kh8 19. exd5 e5 20. dxc6 Qxc6 21. Bg2 {1-0 Shoboev,D (2225)-Batozhargalov,E (1349) Cheliabinsk Panchenko Memorial op-A 2020 (3)}) 12... O-O 13. Rfd1 h6 14. Bxf6 Bxf6 15. e3 Bxc3 16. bxc3 Qf6 17. Rab1 Rab8 18. Qf4 Qxf4 19. gxf4 Bf5 20. Rb5 Be4 21. Nd2 Bxg2 22. Kxg2 Rfd8 23. Nf3 f6 24. Rbxd5 Rxd5 25. Rxd5 Rd8 26. Rb5 Rd3 27. Rxb7 Rxc3 28. Rc7 Rc2 29. Rc8+ Kf7 30. Rc7+ Kf8 31. Nh4 Nd4 32. Ra7 Nc6 33. Rc7 Nd4 34. Ra7 Nc6 35. Ra8+ Kf7 36. Nf5 Kg6 37. Nd6 Rd2 38. Ne4 Rd3 39. Ra6 Ne7 40. Rxa5 Nf5 41. Kf1 Rd1+ 42. Ke2 Rh1 43. Rxf5 Rxh2 44. Rd5 Rh1 45. Rd1 Rh5 46. a4 Ra5 47. Ra1 Kf5 48. Nd6+ Ke6 49. Nc4 Rc5 50. Kd3 Rd5+ 51. Kc3 h5 52. e4 Rd8 53. a5 h4 54. f5+ Kf7 55. a6 g5 56. a7 Ra8 57. Nb6 1-0